[Event "11th LCC Super Blitz 2019"]
[Site "London"]
[Date "2019.12.08"]
[Round "7.5"]
[White "Stoyanov, Viktor"]
[Black "Eames, Robert S"]
[Result "1-0"]
[WhiteElo "2191"]
[BlackElo "2166"]
[Annotator "NA"]
[PlyCount "87"]
[EventDate "2019.12.08"]
[EventType "swiss"]
[EventCountry "ENG"]
[SourceTitle "playchess.com"]
[Source "ChessBase"]
[SourceQuality "1"]
[TimeControl "180+2"]

1. d4 {[%emt 0:00:00]} d5 {[%emt 0:00:00]} 2. c4 {[%emt 0:00:00]} e6 {[%emt 0:00:00]} 3. Nf3 {[%emt 0:00:01]} Nf6 {[%emt 0:00:01]} 4. g3 {[%emt 0:00:01]} c6 {[%emt 0:00:02]} 5. Bg2 {[%emt 0:00:01]} Bd6 {[%emt 0:00:02]} 6. O-O {[%emt 0:00:02]} O-O {[%emt 0:00:02]} 7. Qc2 {[%emt 0:00:01]} Nbd7 {[%emt 0:00:10]} 8. Nbd2 {[%emt 0:00:01]} b6 {[%emt 0:00:09]} 9. e4 {[%emt 0:00:01]} dxe4 {[%emt 0:00:06]} 10. Nxe4 {[%emt 0:00:01]} Be7 {[%emt 0:00:22]} 11. b3 {[%emt 0:00:05]} Bb7 {[%emt 0:00:03]} 12. Bb2 {[%emt 0:00:05]} Nxe4 {[%emt 0:00:02]} 13. Qxe4 {[%emt 0:00:02]} Nf6 {[%emt 0:00:01]} 14. Qc2 {[%emt 0:00:00]} Qc7 {[%emt 0:00:03]} 15. Rad1 {[%emt 0:00:10]} Rad8 {[%emt 0:00:02]} 16. Rfe1 {[%emt 0:00:07]} c5 {[%emt 0:00:17]} 17. dxc5 {[%emt 0:00:16]} bxc5 {[%emt 0:00:02]} 18. Be5 {[%emt 0:00:06]} Qb6 {[%emt 0:00:11]} 19. Ng5 {[%emt 0:00:18]} g6 {[%emt 0:00:26]} 20. Nf3 {[%emt 0:00:01]} Rxd1 {[%emt 0:00:32]} 21. Rxd1 {[%emt 0:00:02]} Rd8 {[%emt 0:00:10]} 22. Rxd8+ {[%emt 0:00:01]} Qxd8 {[%emt 0:00:02]} 23. h3 {[%emt 0:00:01]} Be4 {[%emt 0:00:09]} 24. Qd2 {[%emt 0:00:10]} Qa8 {[%emt 0:00:09]} 25. Ne1 {[%emt 0:00:21]} Bxg2 {[%emt 0:00:03]} 26. Nxg2 {[%emt 0:00:01]} Qe4 {[%emt 0:00:06]} 27. Qc3 {[%emt 0:00:14]} Qb1+ {[%emt 0:00:21]} 28. Kh2 {[%emt 0:00:02]} Ne4 {[%emt 0:00:01]} 29. Qf3 {[%emt 0:00:20]} f6 {[%emt 0:00:04]} 30. Bf4 {[%emt 0:00:08]} f5 {[%emt 0:00:13]} 31. Qe2 {[%emt 0:00:11]} Kf7 {[%emt 0:00:05]} 32. Be3 {[%emt 0:00:06]} Nc3 {[%emt 0:00:00]} 33. Qd2 {[%emt 0:00:12]} Nxa2 {[%emt 0:00:05]} 34. Nf4 {[%emt 0:00:04]} Nb4 {[%emt 0:00:03]} 35. Qd7 {[%emt 0:00:07]} Qe4 {[%emt 0:00:01]} 36. Bxc5 {[%emt 0:00:02]} Nc6 {[%emt 0:00:02]} 37. Bxe7 {[%emt 0:00:05]} Nxe7 {[%emt 0:00:01]} 38. Qxa7 {[%emt 0:00:02]} Qf3 {[%emt 0:00:02]} 39. Qe3 {[%emt 0:00:05]} Qb7 {[%emt 0:00:01]} 40. Qxe6+ {[%emt 0:00:12] Nc6 Qe3} Kg7 {[%emt 0:00:04]} 41. Nd5 {[%emt 0:00:06] Kg8 Qc3 Nd8 b4} Qa7 {[%emt 0:00:01]} 42. Qe3 {[%emt 0:00:01]} Qd7 {[%emt 0:00:01]} 43. Nf6 {[%emt 0:00:01]} Kf7 {[%emt 0:00:01]} 44. Nxd7 {[%emt 0:00:00] Ne6 Ne5+} 1-0

[Event "11th LCC Super Blitz 2019"]
[Site "London"]
[Date "2019.12.08"]
[Round "7.5"]
[White "Young, Daniel J"]
[Black "Rishi, Thariani"]
[Result "0-1"]
[WhiteElo "1947"]
[BlackElo "2008"]
[Annotator "NA"]
[PlyCount "50"]
[EventDate "2019.12.08"]
[EventType "swiss"]
[EventCountry "ENG"]
[SourceTitle "playchess.com"]
[Source "ChessBase"]
[SourceQuality "1"]
[TimeControl "180+2"]

1. Nf3 {[%emt 0:00:00]} d5 {[%emt 0:00:00]} 2. c4 {[%emt 0:00:00]} e6 {[%emt 0:00:01]} 3. g3 {[%emt 0:00:01]} Nf6 {[%emt 0:00:03]} 4. Bg2 {[%emt 0:00:01]} c6 {[%emt 0:00:03]} 5. O-O {[%emt 0:00:02]} Be7 {[%emt 0:00:01]} 6. b3 {[%emt 0:00:01]} O-O {[%emt 0:00:01]} 7. Bb2 {[%emt 0:00:00]} Nbd7 {[%emt 0:00:01]} 8. e3 {[%emt 0:00:03]} a5 {[%emt 0:00:05]} 9. Nc3 {[%emt 0:00:03]} b6 {[%emt 0:00:04]} 10. d3 {[%emt 0:00:10]} Bb7 {[%emt 0:00:04]} 11. Qe2 {[%emt 0:00:01]} Qc7 {[%emt 0:00:02]} 12. cxd5 {[%emt 0:00:10]} exd5 {[%emt 0:00:09]} 13. Rac1 {[%emt 0:00:13]} Rac8 {[%emt 0:00:08]} 14. Nd4 {[%emt 0:00:07]} Nc5 {[%emt 0:00:42]} 15. Nf5 {[%emt 0:00:10]} Rfe8 {[%emt 0:00:01]} 16. Nxe7+ {[%emt 0:00:05]} Qxe7 {[%emt 0:00:02]} 17. Qd2 {[%emt 0:00:17]} Ne6 {[%emt 0:00:10]} 18. Ne2 {[%emt 0:00:05]} c5 {[%emt 0:00:04]} 19. d4 {[%emt 0:00:18]} c4 {[%emt 0:00:12]} 20. bxc4 {[%emt 0:00:05]} dxc4 {[%emt 0:00:01]} 21. Bxb7 Qxb7 {[%emt 0:00:01]} 22. a4 {[%emt 0:00:20]} Ng5 {[%emt 0:00:01]} 23. f3 {[%emt 0:00:43]} Nxf3+ {[%emt 0:00:02]} 24. Rxf3 {[%emt 0:00:01]} Qxf3 {[%emt 0:00:02]} 25. Rc3 {[%emt 0:00:13]} Ne4 {[%emt 0:00:01]} 0-1

[Event "11th LCC Super Blitz 2019"]
[Site "London"]
[Date "2019.12.08"]
[Round "7.6"]
[White "Willow, Jonah B"]
[Black "Saidmurodov, Shahjahon"]
[Result "1-0"]
[WhiteElo "2355"]
[BlackElo "1812"]
[Annotator "NA"]
[PlyCount "149"]
[EventDate "2019.12.08"]
[EventType "swiss"]
[EventCountry "ENG"]
[SourceTitle "playchess.com"]
[Source "ChessBase"]
[SourceQuality "1"]
[TimeControl "180+2"]

1. e4 {[%emt 0:00:00]} e5 {[%emt 0:00:00]} 2. Nf3 {[%emt 0:00:03]} Nc6 {[%emt 0:00:00]} 3. Nc3 {[%emt 0:00:01]} Bc5 {[%emt 0:00:05]} 4. Nxe5 {[%emt 0:00:01]} Bxf2+ {[%emt 0:00:07]} 5. Kxf2 {[%emt 0:00:01]} Nxe5 {[%emt 0:00:00]} 6. d4 {[%emt 0:00:01]} Ng6 {[%emt 0:00:02]} 7. Bc4 {[%emt 0:00:04]} d6 {[%emt 0:00:04]} 8. Rf1 {[%emt 0:00:04]} Nf6 {[%emt 0:00:02]} 9. Kg1 {[%emt 0:00:02]} Be6 {[%emt 0:00:12]} 10. Bd3 {[%emt 0:00:24]} c6 {[%emt 0:00:17]} 11. Bg5 {[%emt 0:00:05]} Qd7 {[%emt 0:00:48]} 12. Bxf6 {[%emt 0:00:06]} gxf6 {[%emt 0:00:01]} 13. d5 {[%emt 0:00:10]} Bg4 {[%emt 0:00:02]} 14. Qe1 {[%emt 0:00:08]} Ne5 {[%emt 0:00:13]} 15. Qh4 {[%emt 0:00:16]} Rg8 {[%emt 0:00:38]} 16. Kh1 {[%emt 0:00:09]} O-O-O {[%emt 0:00:05]} 17. h3 {[%emt 0:00:24]} h5 {[%emt 0:00:05]} 18. hxg4 {[%emt 0:00:07]} hxg4 {[%emt 0:00:08]} 19. Kg1 {[%emt 0:00:05]} Rh8 {[%emt 0:00:24]} 20. Qg3 {[%emt 0:00:06]} Rdg8 {[%emt 0:00:04]} 21. Be2 {[%emt 0:00:08]} Qd8 {[%emt 0:00:08]} 22. Kf2 {[%emt 0:00:39]} Qb6+ {[%emt 0:00:07]} 23. Ke1 {[%emt 0:00:01]} Qxb2 {[%emt 0:00:06]} 24. Kd2 {[%emt 0:00:03]} cxd5 {[%emt 0:00:05]} 25. exd5 {[%emt 0:00:18]} Re8 {[%emt 0:00:02]} 26. Rab1 {[%emt 0:00:17]} Qa3 {[%emt 0:00:01]} 27. Rb3 {[%emt 0:00:02]} Qc5 {[%emt 0:00:02]} 28. Qf2 {[%emt 0:00:03]} Qa5 {[%emt 0:00:04]} 29. Qd4 {[%emt 0:00:04]} Nd7 {[%emt 0:00:04]} 30. Qc4+ {[%emt 0:00:01]} Kb8 {[%emt 0:00:00]} 31. Qb5 {[%emt 0:00:03]} Qxb5 {[%emt 0:00:01]} 32. Nxb5 {[%emt 0:00:01]} Nc5 33. Re3 Rxe3 {[%emt 0:00:04]} 34. Kxe3 {[%emt 0:00:02]} Re8+ 35. Kd2 {[%emt 0:00:01]} Ne4+ {[%emt 0:00:02]} 36. Kc1 {[%emt 0:00:02]} a6 {[%emt 0:00:01]} 37. Nd4 {[%emt 0:00:02]} g3 {[%emt 0:00:03]} 38. Bf3 {[%emt 0:00:03]} Ng5 {[%emt 0:00:05]} 39. Kd2 {[%emt 0:00:02]} Re5 {[%emt 0:00:02]} 40. c4 {[%emt 0:00:01]} Kc7 {[%emt 0:00:01]} 41. Kd3 {[%emt 0:00:02]} f5 {[%emt 0:00:01]} 42. Be2 {[%emt 0:00:02]} Kd7 {[%emt 0:00:01]} 43. Rxf5 {[%emt 0:00:02]} Rxf5 {[%emt 0:00:03]} 44. Nxf5 {[%emt 0:00:00]} Nh7 {[%emt 0:00:02]} 45. Bg4 {[%emt 0:00:02]} Nf6 {[%emt 0:00:02]} 46. Bf3 {[%emt 0:00:01]} Kc7 {[%emt 0:00:02]} 47. Nxg3 {[%emt 0:00:01]} b5 {[%emt 0:00:01]} 48. Ne4 {[%emt 0:00:01]} Nd7 {[%emt 0:00:05]} 49. cxb5 {[%emt 0:00:03]} Ne5+ {[%emt 0:00:01]} 50. Kd4 {[%emt 0:00:01]} axb5 {[%emt 0:00:01]} 51. Nc3 {[%emt 0:00:01]} Kb6 {[%emt 0:00:00]} 52. Be2 {[%emt 0:00:01]} b4 {[%emt 0:00:02]} 53. Ne4 {[%emt 0:00:01]} Kc7 {[%emt 0:00:02]} 54. Ng5 {[%emt 0:00:05]} f5 {[%emt 0:00:04]} 55. Ne6+ {[%emt 0:00:01]} Kd7 {[%emt 0:00:04]} 56. Ng7 {[%emt 0:00:01]} f4 {[%emt 0:00:01]} 57. Ne6 {[%emt 0:00:02]} Ke7 {[%emt 0:00:04]} 58. Nxf4 {[%emt 0:00:01]} Kd7 {[%emt 0:00:01]} 59. g4 {[%emt 0:00:01]} Ke7 {[%emt 0:00:00]} 60. g5 {[%emt 0:00:01]} Kf7 {[%emt 0:00:01]} 61. Bh5+ {[%emt 0:00:05]} Ke7 {[%emt 0:00:01]} 62. Ng6+ {[%emt 0:00:01]} Nxg6 {[%emt 0:00:03]} 63. Bxg6 {[%emt 0:00:01]} b3 {[%emt 0:00:00]} 64. axb3 {[%emt 0:00:01]} Kf8 {[%emt 0:00:00]} 65. b4 {[%emt 0:00:02]} Ke7 {[%emt 0:00:01]} 66. b5 {[%emt 0:00:01]} Kd8 {[%emt 0:00:00]} 67. Bf7 {[%emt 0:00:02]} Kd7 {[%emt 0:00:02]} 68. g6 {[%emt 0:00:01]} Ke7 {[%emt 0:00:01]} 69. b6 {[%emt 0:00:01]} Kf8 {[%emt 0:00:01]} 70. b7 {[%emt 0:00:01]} Kg7 {[%emt 0:00:01]} 71. b8=Q {[%emt 0:00:02]} Kh6 {[%emt 0:00:01]} 72. Qh8+ {[%emt 0:00:02]} Kg5 {[%emt 0:00:00]} 73. g7 {[%emt 0:00:01]} Kf5 {[%emt 0:00:01]} 74. g8=Q {[%emt 0:00:08]} Kf4 {[%emt 0:00:02]} 75. Qf6# {[%emt 0:00:03]} 1-0

[Event "11th LCC Super Blitz 2019"]
[Site "London"]
[Date "2019.12.08"]
[Round "7.6"]
[White "Ozturan, Cem"]
[Black "Zulfic, Fedja"]
[Result "1-0"]
[WhiteElo "1853"]
[BlackElo "2032"]
[Annotator "NA"]
[PlyCount "95"]
[EventDate "2019.12.08"]
[EventType "swiss"]
[EventCountry "ENG"]
[SourceTitle "playchess.com"]
[Source "ChessBase"]
[SourceQuality "1"]
[TimeControl "180+2"]

1. d4 {[%emt 0:00:00]} d5 {[%emt 0:00:00]} 2. Nc3 {[%emt 0:00:02]} Nf6 {[%emt 0:00:01]} 3. Bf4 {[%emt 0:00:02]} c5 {[%emt 0:00:04]} 4. e3 {[%emt 0:00:02]} cxd4 {[%emt 0:00:07]} 5. exd4 {[%emt 0:00:02]} Bf5 {[%emt 0:00:13]} 6. Qd2 {[%emt 0:00:09]} e6 {[%emt 0:00:02]} 7. a3 {[%emt 0:00:01]} Be7 {[%emt 0:00:03]} 8. f3 {[%emt 0:00:06]} Nc6 {[%emt 0:00:03]} 9. g4 {[%emt 0:00:11]} Bg6 {[%emt 0:00:02]} 10. h4 {[%emt 0:00:01]} h5 {[%emt 0:00:09]} 11. g5 {[%emt 0:00:01]} Nd7 {[%emt 0:00:02]} 12. Bd3 {[%emt 0:00:31]} Bxd3 {[%emt 0:00:09]} 13. Qxd3 {[%emt 0:00:01]} g6 {[%emt 0:00:07]} 14. Nb5 {[%emt 0:00:09]} Rc8 {[%emt 0:00:02]} 15. Nd6+ {[%emt 0:00:01]} Bxd6 {[%emt 0:00:02]} 16. Bxd6 {[%emt 0:00:01]} Nb6 {[%emt 0:00:04]} 17. Bc5 {[%emt 0:00:18]} Na4 {[%emt 0:00:15]} 18. b3 {[%emt 0:00:13]} Nxc5 {[%emt 0:00:03]} 19. dxc5 {[%emt 0:00:00]} Qe7 {[%emt 0:00:17]} 20. b4 {[%emt 0:00:02]} a5 {[%emt 0:00:09]} 21. c3 {[%emt 0:00:02]} Qc7 {[%emt 0:00:07]} 22. Kf2 {[%emt 0:00:06]} Qf4 {[%emt 0:00:08]} 23. Ne2 {[%emt 0:00:07]} Qe5 {[%emt 0:00:01]} 24. Nd4 {[%emt 0:00:09]} axb4 {[%emt 0:00:17]} 25. axb4 {[%emt 0:00:01]} Nxd4 {[%emt 0:00:02]} 26. cxd4 {[%emt 0:00:01]} Qf4 {[%emt 0:00:01]} 27. Qe3 {[%emt 0:00:06]} Qc7 {[%emt 0:00:05]} 28. b5 {[%emt 0:00:13]} O-O {[%emt 0:00:02]} 29. b6 {[%emt 0:00:03]} Qc6 {[%emt 0:00:01]} 30. Ra7 {[%emt 0:00:06]} Rfe8 {[%emt 0:00:09]} 31. Qe5 {[%emt 0:00:21]} Ra8 {[%emt 0:00:12]} 32. Rha1 {[%emt 0:00:00]} Rac8 {[%emt 0:00:05]} 33. Kg3 {[%emt 0:00:06]} Red8 {[%emt 0:00:02]} 34. R1a5 {[%emt 0:00:05]} Re8 {[%emt 0:00:09]} 35. Qd6 {[%emt 0:00:04]} Qxd6+ {[%emt 0:00:06]} 36. cxd6 {[%emt 0:00:01]} Red8 {[%emt 0:00:00]} 37. Rxb7 {[%emt 0:00:01]} Rxd6 {[%emt 0:00:01]} 38. Raa7 {[%emt 0:00:01]} Rf8 {[%emt 0:00:14]} 39. Kf4 {[%emt 0:00:00]} Rc6 {[%emt 0:00:01]} 40. Ke5 {[%emt 0:00:01]} Kg7 {[%emt 0:00:04]} 41. Re7 {[%emt 0:00:02]} Rxb6 {[%emt 0:00:02]} 42. f4 {[%emt 0:00:03]} Kg8 {[%emt 0:00:02]} 43. Kf6 {[%emt 0:00:01]} Rb4 {[%emt 0:00:04]} 44. Rxf7 {[%emt 0:00:02]} Rxf7+ {[%emt 0:00:01]} 45. Rxf7 {[%emt 0:00:02]} Rxd4 {[%emt 0:00:01]} 46. Kxg6 {[%emt 0:00:05]} Rd3 {[%emt 0:00:06]} 47. Re7 {[%emt 0:00:06]} Re3 {[%emt 0:00:01]} 48. Re8# {[%emt 0:00:01]} 1-0

[Event "11th LCC Super Blitz 2019"]
[Site "London"]
[Date "2019.12.08"]
[Round "7.7"]
[White "Pappelis, Dimitrios"]
[Black "Brass, Ezra"]
[Result "0-1"]
[WhiteElo "2160"]
[BlackElo "1628"]
[Annotator "NA"]
[PlyCount "108"]
[EventDate "2019.12.08"]
[EventType "swiss"]
[EventCountry "ENG"]
[SourceTitle "playchess.com"]
[Source "ChessBase"]
[SourceQuality "1"]
[TimeControl "180+2"]

1. Nf3 {[%emt 0:00:00]} d5 {[%emt 0:00:00]} 2. g3 {[%emt 0:00:00]} c5 {[%emt 0:00:01]} 3. Bg2 {[%emt 0:00:01]} e6 {[%emt 0:00:00]} 4. O-O {[%emt 0:00:02]} Nf6 {[%emt 0:00:02]} 5. d3 {[%emt 0:00:02]} Nc6 {[%emt 0:00:01]} 6. Nbd2 {[%emt 0:00:00]} Be7 {[%emt 0:00:02]} 7. e4 {[%emt 0:00:02]} dxe4 {[%emt 0:00:01]} 8. dxe4 {[%emt 0:00:04]} O-O {[%emt 0:00:03]} 9. c3 {[%emt 0:00:03]} b6 {[%emt 0:00:05]} 10. Qc2 {[%emt 0:00:02]} Ba6 {[%emt 0:00:06]} 11. Re1 {[%emt 0:00:04]} Bd3 {[%emt 0:00:04]} 12. Qa4 {[%emt 0:00:14]} b5 {[%emt 0:00:02]} 13. Qd1 {[%emt 0:00:03]} c4 {[%emt 0:00:06]} 14. e5 {[%emt 0:00:10]} Nd5 {[%emt 0:00:18]} 15. Nf1 {[%emt 0:00:02]} Qb6 {[%emt 0:00:08]} 16. Ne3 {[%emt 0:00:03]} Rfd8 {[%emt 0:00:07]} 17. Nxd5 {[%emt 0:00:06]} Rxd5 {[%emt 0:00:06]} 18. Be3 {[%emt 0:00:14]} Bc5 {[%emt 0:00:10]} 19. Qc1 {[%emt 0:00:02]} Bxe3 {[%emt 0:00:08]} 20. Rxe3 {[%emt 0:00:05]} Rad8 {[%emt 0:00:11]} 21. Re1 {[%emt 0:00:03]} Qc7 {[%emt 0:00:25]} 22. Qf4 {[%emt 0:00:08]} b4 {[%emt 0:00:08]} 23. h4 {[%emt 0:00:12]} bxc3 24. bxc3 {[%emt 0:00:01]} Qa5 {[%emt 0:00:11]} 25. Ng5 {[%emt 0:00:17]} R8d7 {[%emt 0:00:15]} 26. Rab1 {[%emt 0:00:12]} h6 {[%emt 0:00:08]} 27. Bxd5 {[%emt 0:00:41]} Qxd5 {[%emt 0:00:08]} 28. Nf3 {[%emt 0:00:18]} Bxb1 {[%emt 0:00:04]} 29. Rxb1 Qd3 {[%emt 0:00:00]} 30. Rb5 {[%emt 0:00:31]} Qe2 {[%emt 0:00:12]} 31. Rb1 {[%emt 0:00:10]} Qxa2 {[%emt 0:00:03]} 32. Rf1 {[%emt 0:00:05]} Qb3 {[%emt 0:00:09]} 33. Qe4 {[%emt 0:00:01]} Rc7 {[%emt 0:00:10]} 34. Qe3 {[%emt 0:00:04]} Na5 {[%emt 0:00:08]} 35. Nd2 {[%emt 0:00:03]} Qc2 {[%emt 0:00:03]} 36. Ne4 {[%emt 0:00:02]} Nb3 {[%emt 0:00:05]} 37. Nd6 {[%emt 0:00:03]} Qd3 {[%emt 0:00:05]} 38. Qf4 {[%emt 0:00:03]} Qxc3 {[%emt 0:00:03]} 39. Rd1 {[%emt 0:00:00]} Qc2 {[%emt 0:00:04]} 40. Re1 {[%emt 0:00:04]} c3 {[%emt 0:00:05]} 41. Qf3 {[%emt 0:00:02]} Nd4 {[%emt 0:00:05]} 42. Qa8+ {[%emt 0:00:01]} Kh7 {[%emt 0:00:02]} 43. Qe8 {[%emt 0:00:03]} Nf3+ {[%emt 0:00:03]} 44. Kf1 {[%emt 0:00:02]} Qd3+ {[%emt 0:00:03]} 45. Re2 {[%emt 0:00:02]} Qd1+ {[%emt 0:00:02]} 46. Kg2 {[%emt 0:00:01]} Qxe2 {[%emt 0:00:01]} 47. Nxf7 {[%emt 0:00:02]} Nxe5 {[%emt 0:00:07]} 48. Qh8+ {[%emt 0:00:01]} Kg6 {[%emt 0:00:01]} 49. h5+ {[%emt 0:00:01]} Kxh5 {[%emt 0:00:02]} 50. Qxg7 {[%emt 0:00:01]} Qe4+ {[%emt 0:00:02]} 51. Kh2 {[%emt 0:00:01]} Ng4+ {[%emt 0:00:02]} 52. Kg1 {[%emt 0:00:02]} Qe1+ {[%emt 0:00:02]} 53. Kg2 {[%emt 0:00:02]} Qxf2+ {[%emt 0:00:02]} 54. Kh1 {[%emt 0:00:02]} Qf1# {[%emt 0:00:02]} 0-1

[Event "11th LCC Super Blitz 2019"]
[Site "London"]
[Date "2019.12.08"]
[Round "7.7"]
[White "Balaji, Aaravamudhan"]
[Black "Zhao, Haolin"]
[Result "1-0"]
[WhiteElo "2120"]
[BlackElo "1725"]
[Annotator "NA"]
[PlyCount "73"]
[EventDate "2019.12.08"]
[EventType "swiss"]
[EventCountry "ENG"]
[SourceTitle "playchess.com"]
[Source "ChessBase"]
[SourceQuality "1"]
[TimeControl "180+2"]

1. d4 {[%emt 0:00:00]} d5 {[%emt 0:00:00]} 2. Nc3 {[%emt 0:00:01]} Nf6 {[%emt 0:00:05]} 3. Bf4 {[%emt 0:00:02]} c6 {[%emt 0:00:06]} 4. e3 {[%emt 0:00:02]} Bf5 {[%emt 0:00:02]} 5. Nf3 {[%emt 0:00:01]} e6 {[%emt 0:00:01]} 6. Ne5 {[%emt 0:00:02]} Nbd7 {[%emt 0:00:02]} 7. g4 {[%emt 0:00:01]} Bg6 {[%emt 0:00:15]} 8. h4 {[%emt 0:00:01]} Bb4 {[%emt 0:00:01]} 9. h5 {[%emt 0:00:06]} Be4 {[%emt 0:00:35]} 10. f3 {[%emt 0:00:02]} Qa5 {[%emt 0:00:04]} 11. fxe4 {[%emt 0:00:28]} Nxe5 {[%emt 0:00:06]} 12. Bxe5 {[%emt 0:00:10]} Nxe4 {[%emt 0:00:01]} 13. Rc1 {[%emt 0:00:19]} f6 {[%emt 0:00:16]} 14. Bh2 {[%emt 0:00:17]} Bxc3+ {[%emt 0:00:23]} 15. bxc3 {[%emt 0:00:01]} Qxc3+ {[%emt 0:00:01]} 16. Ke2 {[%emt 0:00:07]} Qc4+ {[%emt 0:00:07]} 17. Qd3 {[%emt 0:00:10]} Qxa2 {[%emt 0:00:02]} 18. Bg2 {[%emt 0:00:06]} f5 {[%emt 0:00:43]} 19. gxf5 {[%emt 0:00:06]} exf5 {[%emt 0:00:01]} 20. Qb3 {[%emt 0:00:05]} Qxb3 {[%emt 0:00:04]} 21. cxb3 {[%emt 0:00:01]} O-O {[%emt 0:00:02]} 22. Be5 {[%emt 0:00:05]} a6 {[%emt 0:00:12]} 23. Rhg1 {[%emt 0:00:06]} Nf6 {[%emt 0:00:04]} 24. h6 {[%emt 0:00:08]} g6 {[%emt 0:00:04]} 25. Bh3 {[%emt 0:00:13]} Kf7 {[%emt 0:00:04]} 26. Ra1 {[%emt 0:00:18]} Ne4 {[%emt 0:00:01]} 27. Bg2 {[%emt 0:00:08]} Rfe8 {[%emt 0:00:03]} 28. Bxe4 {[%emt 0:00:03]} dxe4 {[%emt 0:00:01]} 29. Ra5 {[%emt 0:00:04]} Rad8 {[%emt 0:00:04]} 30. Ra4 {[%emt 0:00:05]} Rd5 {[%emt 0:00:03]} 31. Rb4 {[%emt 0:00:05]} Re7 {[%emt 0:00:04]} 32. Rc1 {[%emt 0:00:03]} c5 {[%emt 0:00:07]} 33. Rb6 {[%emt 0:00:03]} cxd4 {[%emt 0:00:05]} 34. Bxd4 {[%emt 0:00:02]} Ke8 {[%emt 0:00:04]} 35. Rc8+ {[%emt 0:00:06]} Rd8 {[%emt 0:00:05]} 36. Rxd8+ {[%emt 0:00:02]} Kxd8 {[%emt 0:00:00]} 37. Bf6 {[%emt 0:00:01]} 1-0

[Event "11th LCC Super Blitz 2019"]
[Site "London"]
[Date "2019.12.08"]
[Round "7.8"]
[White "Bird, Joel"]
[Black "Van Hoof, Alexander"]
[Result "1-0"]
[WhiteElo "2009"]
[BlackElo "1968"]
[Annotator "NA"]
[PlyCount "53"]
[EventDate "2019.12.08"]
[EventType "swiss"]
[EventCountry "ENG"]
[SourceTitle "playchess.com"]
[Source "ChessBase"]
[SourceQuality "1"]
[TimeControl "180+2"]

1. e4 {[%emt 0:00:00]} c6 {[%emt 0:00:00]} 2. d4 {[%emt 0:00:01]} d5 {[%emt 0:00:00]} 3. Nc3 {[%emt 0:00:01]} dxe4 {[%emt 0:00:00]} 4. Nxe4 {[%emt 0:00:01]} Nf6 {[%emt 0:00:01]} 5. Nxf6+ {[%emt 0:00:03]} exf6 {[%emt 0:00:01]} 6. c3 {[%emt 0:00:01]} Be7 {[%emt 0:00:01]} 7. Bd3 {[%emt 0:00:09]} Be6 {[%emt 0:00:01]} 8. Bf4 {[%emt 0:00:02]} Nd7 {[%emt 0:00:02]} 9. Qd2 {[%emt 0:00:16]} Nb6 {[%emt 0:00:05]} 10. Ne2 {[%emt 0:00:13]} Nd5 {[%emt 0:00:03]} 11. Bg3 {[%emt 0:00:09]} h5 {[%emt 0:00:05]} 12. Nf4 {[%emt 0:00:09]} Nxf4 {[%emt 0:00:55]} 13. Bxf4 {[%emt 0:00:09]} g5 {[%emt 0:00:17]} 14. Be3 {[%emt 0:00:06]} f5 {[%emt 0:00:04]} 15. f4 {[%emt 0:00:08]} g4 {[%emt 0:00:04]} 16. O-O {[%emt 0:00:15]} h4 {[%emt 0:00:22]} 17. Rfe1 {[%emt 0:00:02]} Qc7 {[%emt 0:00:04]} 18. Qc2 {[%emt 0:00:10]} Qd7 {[%emt 0:00:12]} 19. a4 {[%emt 0:00:22]} Rc8 {[%emt 0:00:13]} 20. Rad1 {[%emt 0:00:13]} Kf8 {[%emt 0:00:06]} 21. Kh1 {[%emt 0:00:10]} h3 {[%emt 0:00:02]} 22. g3 {[%emt 0:00:05]} Qd5+ {[%emt 0:00:06]} 23. Kg1 {[%emt 0:00:07]} c5 {[%emt 0:00:09]} 24. c4 {[%emt 0:00:13]} cxd4 {[%emt 0:00:13]} 25. cxd5 {[%emt 0:00:05]} Rxc2 {[%emt 0:00:01]} 26. Bxc2 {[%emt 0:00:08]} dxe3 {[%emt 0:00:04]} 27. dxe6 {[%emt 0:00:01]} 1-0

[Event "11th LCC Super Blitz 2019"]
[Site "London"]
[Date "2019.12.08"]
[Round "7.8"]
[White "Sheikh, Anum"]
[Black "Rahman, Asad"]
[Result "0-1"]
[WhiteElo "1560"]
[BlackElo "1923"]
[Annotator "NA"]
[PlyCount "75"]
[EventDate "2019.12.08"]
[EventType "swiss"]
[EventCountry "ENG"]
[SourceTitle "playchess.com"]
[Source "ChessBase"]
[SourceQuality "1"]
[TimeControl "180+2"]

1. c4 {[%emt 0:00:00]} e5 {[%emt 0:00:00]} 2. g3 {[%emt 0:00:00]} Nc6 {[%emt 0:00:01]} 3. Bg2 {[%emt 0:00:01]} Bc5 {[%emt 0:00:01]} 4. e3 {[%emt 0:00:02]} d6 {[%emt 0:00:02]} 5. Nc3 {[%emt 0:00:01]} f5 {[%emt 0:00:02]} 6. Nge2 {[%emt 0:00:01]} a6 {[%emt 0:00:01]} 7. O-O {[%emt 0:00:03]} Nf6 {[%emt 0:00:01]} 8. d4 {[%emt 0:00:02]} Ba7 {[%emt 0:00:02]} 9. Nd5 {[%emt 0:00:05]} O-O {[%emt 0:00:03]} 10. a3 {[%emt 0:00:03]} Bd7 {[%emt 0:00:08]} 11. b4 {[%emt 0:00:02]} Nxd5 {[%emt 0:00:07]} 12. cxd5 {[%emt 0:00:13]} Ne7 {[%emt 0:00:03]} 13. dxe5 {[%emt 0:00:01]} dxe5 {[%emt 0:00:03]} 14. d6 {[%emt 0:00:14]} Nc6 {[%emt 0:00:02]} 15. dxc7 {[%emt 0:00:06]} Qxc7 {[%emt 0:00:01]} 16. Bb2 {[%emt 0:00:02]} Rad8 {[%emt 0:00:03]} 17. Qb3+ {[%emt 0:00:04]} Kh8 {[%emt 0:00:03]} 18. Rac1 {[%emt 0:00:05]} Qb8 {[%emt 0:00:40]} 19. Rfd1 {[%emt 0:00:14]} f4 {[%emt 0:00:21]} 20. exf4 {[%emt 0:00:03]} Bg4 {[%emt 0:00:13]} 21. Rxd8 {[%emt 0:00:04]} Rxd8 {[%emt 0:00:03]} 22. Nc3 {[%emt 0:00:26]} exf4 {[%emt 0:00:01]} 23. Ne4 {[%emt 0:00:03]} Nd4 {[%emt 0:00:15]} 24. Bxd4 {[%emt 0:00:38]} Bxd4 {[%emt 0:00:11]} 25. Bf3 {[%emt 0:00:35]} Bf5 {[%emt 0:00:23]} 26. Bg2 {[%emt 0:00:09]} fxg3 {[%emt 0:00:03]} 27. hxg3 {[%emt 0:00:09]} Qa7 {[%emt 0:00:08]} 28. Nc5 {[%emt 0:00:07]} h6 {[%emt 0:00:14]} 29. Qf7 {[%emt 0:00:09]} Bh7 {[%emt 0:00:11]} 30. Ne6 {[%emt 0:00:07]} Rg8 {[%emt 0:00:06]} 31. Rc8 {[%emt 0:00:07]} Bxf2+ {[%emt 0:00:05]} 32. Kh1 {[%emt 0:00:01]} Bd4 {[%emt 0:00:03]} 33. Rxg8+ {[%emt 0:00:03]} Bxg8 {[%emt 0:00:01]} 34. Qf5 {[%emt 0:00:03]} Bf6 {[%emt 0:00:06]} 35. Be4 {[%emt 0:00:04]} Qe3 {[%emt 0:00:02]} 36. Nf8 {[%emt 0:00:05]} Qe1+ {[%emt 0:00:10]} 37. Kh2 Qd2+ {[%emt 0:00:00]} 38. Kh1 {[%emt 0:00:04]} 0-1